|
|
|
|
| LEADER |
01013nam a2200289 a 4500 |
| 001 |
AAL 78 |
| 003 |
BD-DhAAL |
| 005 |
20160209171154.0 |
| 008 |
150204s1993 enka b 001 0 eng |
| 010 |
|
|
|a 92056383
|
| 020 |
|
|
|a 0803987765
|
| 040 |
|
|
|a DLC
|c DLC
|d DLC
|d BD-DhAAL
|
| 050 |
0 |
0 |
|a JS3000.2
|b .R57 1993
|
| 082 |
0 |
0 |
|a 352.04
|2 20
|
| 999 |
|
|
|c 33577
|d 33577
|
| 999 |
|
|
|c 33577
|
| 245 |
0 |
4 |
|a The Rise of meso government in Europe /
|c edited by L.J. Sharpe.
|
| 260 |
|
|
|a London ;
|a Newbury Park, CA :
|b Sage,
|c 1993.
|
| 300 |
|
|
|a 327 p. :
|b ill. ;
|c 22 cm.
|
| 440 |
|
0 |
|a Sage modern politics series ;
|v 32
|9 7922
|
| 490 |
|
|
|a Sage modern politics series ;
|v 32
|
| 504 |
|
|
|a Includes bibliographical references and index.
|
| 541 |
|
|
|e 78
|
| 650 |
|
0 |
|a Local government
|z Europe.
|9 7923
|
| 700 |
1 |
|
|a Sharpe, L. J.
|q (Laurence James)
|9 7924
|
| 942 |
|
|
|2 ddc
|c BK
|
| 952 |
|
|
|0 0
|1 0
|2 ddc
|4 0
|6 352_040000000000000_RIS
|7 0
|9 52451
|a SCL
|b SCL
|c GEN
|d 2015-02-04
|l 1
|o 352.04 RIS
|p 3020000078
|r 2025-12-29
|s 2025-11-25
|t 1
|w 2015-02-04
|y BK
|